| 000 | 00685cam a22002053a 4500 | ||
|---|---|---|---|
| 001 | 40817 | ||
| 003 | PGUSA | ||
| 005 | 20140828083919.0 | ||
| 008 | 120921s2012||||xxu|||||s|||||000 | eng d | ||
| 040 |
_aPGUSA _beng |
||
| 042 | _adc | ||
| 100 | 1 | _aBertini, Giuseppe | |
| 245 | 1 | 0 |
_aDizionario storico-critico degli scrittori di musica e de' più celebri artisti, vol. 1 (of 4) : _bDi tutte le nazioni sì antiche che moderne _h[electronic resource] / _cGiuseppe Bertini |
| 260 |
_bProject Gutenberg, _c2012 |
||
| 506 | _aPublic domain in the USA. | ||
| 516 | _aElectronic text | ||
| 830 | 0 |
_aProject Gutenberg _v40817 |
|
| 856 | 4 | 0 | _uhttp://www.gutenberg.org/ebooks/40817 |
| 942 | _cEB | ||
| 999 |
_c270069 _d270069 |
||